| 000 | 00587nam a2200205Ia 4500 | ||
|---|---|---|---|
| 005 | 20250425162815.0 | ||
| 008 | 250425s9999 xx 000 0 und d | ||
| 020 | _a9780134407623 | ||
| 041 |
_z _heng |
||
| 082 |
_a629.8 _pDOR |
||
| 100 | _aDorf, Richard C. | ||
| 245 | 0 |
_aModern Control Systems _cRichard C. Dorf; Robert H. Bishop |
|
| 260 |
_aHoboken _bPearson Education _c2017 |
||
| 300 |
_a995 páginas _bIlustrado _c24 cm |
||
| 500 | _aTabla de contenido, Indice, Referencia | ||
| 650 | _aSistema de control | ||
| 700 | _aBishop, Robert H. | ||
| 942 | _c01 | ||
| 010 | _a109388 | ||
| 999 |
_c236832 _d236832 |
||